| 000 | 01038nam0a22002531 4500 | ||
|---|---|---|---|
| 001 | rc\1082243 | ||
| 005 | 20041126173639.8 | ||
| 035 | _a(NLR Aleph) 006330414 | ||
| 090 |
_a7539209 _c7539209 |
||
| 100 | _a20041126d1983 u |0rusy50 ca | ||
| 101 | 0 | _arus | |
| 102 | _aRU | ||
| 105 | _ay ||||||||| | ||
| 200 | 1 |
_aУкрепление трудовой дисциплины - важный фактор развития сельскохозяйственного производства _e(Правовые аспекты) |
|
| 210 |
_aМ. _cО-во "Знание" РСФСР _d1983 |
||
| 215 |
_a37 с. _d20 |
||
| 225 | 1 |
_aВ помощь лектору _fО-во "Знание" РСФСР, Науч.-метод. совет по пропаганде знаний о государстве и праве |
|
| 320 | _aБиблиогр.: с. 35-36 | ||
| 700 | 1 |
_aЧубуков _bГ. В. _gГеоргий Васильевич |
|
| 801 | 0 |
_aRU _bNLR _gpsbo |
|
| 801 | 1 |
_aRU _bELAR _2rusmarc |
|
| 852 |
_aNLR _j83-4/19642 |
||
| 942 | _cBOOK | ||
| 980 | _aNB | ||